[Event "30. Augsburger Friedensfest-Open"]
[Site "Augsburg"]
[Date "2025.08.09"]
[Round "5.41"]
[White "Pieczka, Kevin"]
[Black "Sensoy, Emir"]
[Result "0-1"]
[WhiteElo "1725"]
[BlackElo "1903"]
[EventDate "2025.08.07"]
[Time "09:30:00"]
[WhiteNrv "1725"]
[BlackNrv "1903"]
[WhiteTwz "1725"]
[BlackTwz "1903"]
[WhiteFideId "12968072"]
[BlackFideId "34607390"]
[WhiteNatFedId "10272131"]
[BlackNatFedId "10730374"]
[WhiteAttr "M"]
[BlackAttr "M"]
[WhiteTeam "SV Jedesheim 1921"]
[BlackTeam "MSA Zugzwang 82 e.V."]

1.e4 c5 2.Nf3 d6 3.Bb5+ Bd7 4.Bxd7+ Qxd7 5.c4 Nc6 6.Nc3 e6 7.d4 cxd4 8.
Nxd4 Nge7 9.Be3 g6 10.Qd2 d5 11.c5 Bg7 12.exd5 Nxd5 13.Nxd5 Qxd5 14.Nxc6 
Qxc6 15.O-O O-O 16.Rac1 Rfd8 17.Qe2 Rac8 18.b3 a6 19.Rfd1 Kf8 20.Rxd8+ 
Rxd8 21.Rd1 Rd5 22.f3 Qd7 23.Rxd5 Qxd5 24.Kf2 Ke8 25.Qd2 Qxd2+ 26.Bxd2 Kd7
27.Be3 Kc6 28.Ke2 Bf8 29.b4 Kb5 30.a3 a5 31.Bd2 Kc4 32.g4 axb4 33.axb4 Bg7
34.h3 Bb2 35.Ke3 Ba3 36.c6 bxc6 37.Ke4 Bxb4 38.Bc1 Be7 39.f4 Kb3 40.f5 
exf5+ 41.gxf5 c5 42.fxg6 hxg6 43.Kd5 c4 44.Kc6 c3 45.Kd7 Bh4 46.Ke8 f6 47.
Kf7 Bg5 48.Bxg5 fxg5 49.Kxg6 c2 50.Kxg5 c1=Q+ 51.Kg4 Qh6 52.h4 Kc4 53.h5 
Kd4 0-1

[Event "30. Augsburger Friedensfest-Open"]
[Site "Augsburg"]
[Date "2025.08.09"]
[Round "5.43"]
[White "Oezkurt, Kaan"]
[Black "Schreck, Alexander"]
[Result "1-0"]
[WhiteElo "1751"]
[BlackElo "1869"]
[EventDate "2025.08.07"]
[Time "09:30:00"]
[WhiteNrv "1751"]
[BlackNrv "1869"]
[WhiteTwz "1751"]
[BlackTwz "1869"]
[WhiteFideId "34655182"]
[BlackFideId "1271739"]
[WhiteNatFedId "10722110"]
[BlackNatFedId "10198594"]
[WhiteAttr "M"]
[BlackAttr "M"]
[WhiteTeam "SK Freising"]
[BlackTeam "Godesberger SK 1929 e. V"]

1.e4 c5 2.c3 Nf6 3.e5 Nd5 4.d4 cxd4 5.Nf3 Nc6 6.cxd4 d6 7.Bc4 Nb6 8.Bb5 
Bd7 9.Nc3 dxe5 10.Nxe5 Nxe5 11.dxe5 Qc7 12.Qe2 e6 13.O-O Bb4 14.Bxd7+ Nxd7
15.Nb5 Qa5 16.a3 O-O 17.Bh6 gxh6 18.axb4 Qxb4 19.Rfd1 Qe7 20.Qg4+ Kh8 21.
Qf4 Rg8 22.Ra3 Rg5 23.h4 Rf5 24.Qd4 Qc5 25.Qxd7 Qxf2+ 26.Kh1 Rg8 27.Qxb7 
Qxb2 28.Nd6 Qxa3 29.Nxf5 exf5 30.Qxf7 Qg3 31.Qf6+ Qg7 32.Rf1 Rf8 33.Qd6 
Kg8 34.e6 Qf6 35.Qd5 Qxh4+ 36.Kg1 Qe4 37.Qb3 Re8 38.e7+ Kg7 39.Qc3+ Kg6 
40.Re1 Qb7 41.Re6+ Kf7 42.Rf6+ Kxe7 43.Qe5+ Kd8 44.Rd6+ Kc7 45.Re6+ 1-0

[Event "30. Augsburger Friedensfest-Open"]
[Site "Augsburg"]
[Date "2025.08.09"]
[Round "5.44"]
[White "Seisenberger, Georg"]
[Black "Schaefer, Ann-Kathrin"]
[Result "1-0"]
[WhiteElo "2002"]
[BlackElo "1791"]
[EventDate "2025.08.07"]
[Time "09:30:00"]
[WhiteNrv "2002"]
[BlackNrv "1791"]
[WhiteTwz "2002"]
[BlackTwz "1791"]
[WhiteFideId "12903574"]
[BlackFideId "24615412"]
[WhiteNatFedId "10206064"]
[BlackNatFedId "10186026"]
[WhiteAttr "M"]
[BlackAttr "W"]
[WhiteTeam "SV Ilmmuenster"]
[BlackTeam "SC JAeKLECHEMIE Talente Franken e"]

1.d4 Nf6 2.c4 g6 3.Nc3 Bg7 4.e4 d6 5.f3 O-O 6.Nge2 a6 7.Be3 b5 8.Qd2 Re8 
9.h4 h5 10.Nc1 b4 11.Nd1 a5 12.Nf2 Nbd7 13.Be2 c5 14.d5 Ne5 15.O-O a4 16.
Rb1 a3 17.b3 Kh8 18.Ncd3 Nxd3 19.Nxd3 Nd7 20.Nf2 Bf6 21.g3 Rg8 22.Kg2 Nf8 
23.Rbd1 Ra6 24.f4 e6 25.Nd3 Bc3 26.Qc2 exd5 27.cxd5 Ra7 28.Bf3 Re7 29.Qe2 
Qd7 30.Nf2 Qc7 31.e5 Nd7 32.Ne4 Nxe5 33.fxe5 Bxe5 34.Qf2 Qd7 35.Ng5 Ba6 
36.Rfe1 Bc3 37.Ne4 Bxe1 38.Rxe1 Bc8 39.Kg1 Qd8 40.Bg5 Rge8 41.Bf6+ Kg8 42.
Qd2 Kh7 43.Qg5 Qd7 44.Bxe7 Qxe7 45.Qxe7 Rxe7 46.Ng5+ 1-0

[Event "30. Augsburger Friedensfest-Open"]
[Site "Augsburg"]
[Date "2025.08.09"]
[Round "5.45"]
[White "Schaad, Simon Ulrich Maria"]
[Black "Kapfer, Ulrich"]
[Result "1-0"]
[WhiteElo "1787"]
[BlackElo "1952"]
[EventDate "2025.08.07"]
[Time "09:30:00"]
[WhiteNrv "1787"]
[BlackNrv "1952"]
[WhiteTwz "1787"]
[BlackTwz "1952"]
[WhiteFideId "24697036"]
[BlackFideId "12908371"]
[WhiteNatFedId "10253400"]
[BlackNatFedId "10099745"]
[WhiteAttr "M"]
[BlackAttr "M"]
[WhiteTeam "SK Keres-Augsburg 1980"]
[BlackTeam "SC Dillingen"]

1.e4 e6 2.c4 c5 3.Nf3 Nc6 4.d4 cxd4 5.Nxd4 Bb4+ 6.Bd2 Bxd2+ 7.Qxd2 Nge7 8.
Be2 a6 9.Nc3 d6 10.Rd1 d5 11.cxd5 exd5 12.exd5 Nxd5 13.Nxd5 Qxd5 14.Nxc6 
Qxd2+ 15.Kxd2 bxc6 16.Kc3 O-O 17.Rd6 Be6 18.Rhd1 Bd5 19.g3 g6 20.Bc4 Rfe8 
21.b3 a5 22.Bxd5 cxd5 23.R6xd5 Rec8+ 24.Kb2 a4 25.b4 Kg7 26.Rc5 Re8 27.Rd2
Re6 28.Ka3 Rf6 29.b5 1-0

[Event "30. Augsburger Friedensfest-Open"]
[Site "Augsburg"]
[Date "2025.08.09"]
[Round "5.46"]
[White "Turba, Raffael"]
[Black "Kurka, Christopher-Ulrich"]
[Result "0-1"]
[WhiteElo "1752"]
[BlackElo "1870"]
[EventDate "2025.08.07"]
[Time "09:30:00"]
[WhiteNrv "1752"]
[BlackNrv "1870"]
[WhiteTwz "1752"]
[BlackTwz "1870"]
[WhiteFideId "34612980"]
[BlackFideId "16256328"]
[WhiteNatFedId "10740124"]
[BlackNatFedId "10121751"]
[WhiteAttr "*"]
[BlackAttr "M"]
[WhiteTeam "SK 1926 Noerdlingen-Ries"]
[BlackTeam "Duesseldorfer SK 14/25 e."]

1.e4 c6 2.d3 d5 3.Bf4 g6 4.exd5 cxd5 5.d4 Nc6 6.Nf3 Bg4 7.c3 Bg7 8.Qb3 Na5
9.Qb5+ Kf8 10.b4 Bxf3 11.gxf3 Nc6 12.Nd2 Qd7 13.Be2 Nf6 14.Nb3 b6 15.O-O 
Rc8 16.Rfe1 h5 17.h4 Qf5 18.Bg3 Bh6 19.Kg2 Nd8 20.Bd3 Qd7 21.c4 Qxb5 22.
cxb5 Ne6 23.Be5 Kg7 24.Kg3 Rc3 25.Red1 Kh7 26.Nc1 Rhc8 27.Ne2 Ra3 28.Bxf6 
exf6 29.f4 Rc2 30.Kf3 Rxe2 31.Kxe2 Nxf4+ 32.Kd2 Nxd3+ 33.Kc2 Nxf2 34.Re1 
Ne4 35.Kb2 Rh3 36.a4 Bd2 37.Rec1 Bxc1+ 38.Rxc1 Rh2+ 39.Kb3 Nd2+ 40.Ka3 
Nc4+ 41.Kb3 0-1

[Event "30. Augsburger Friedensfest-Open"]
[Site "Augsburg"]
[Date "2025.08.09"]
[Round "5.47"]
[White "Boehm, Bruno"]
[Black "Mohm, Marvin"]
[Result "0-1"]
[WhiteElo "1848"]
[BlackElo "1739"]
[EventDate "2025.08.07"]
[Time "09:30:00"]
[WhiteNrv "1848"]
[BlackNrv "1739"]
[WhiteTwz "1848"]
[BlackTwz "1739"]
[WhiteFideId "4699238"]
[BlackFideId "34659943"]
[WhiteNatFedId "10019158"]
[BlackNatFedId "10404202"]
[WhiteAttr "M"]
[BlackAttr "M"]
[WhiteTeam "SK Freising"]
[BlackTeam "SK Koenigsbrunn"]

1.d4 d5 2.c4 c6 3.Nc3 e6 4.e4 dxe4 5.Nxe4 Bb4+ 6.Bd2 Qxd4 7.Bxb4 Qxe4+ 8.
Be2 Na6 9.Ba5 b6 10.Qd6 Bd7 11.Bc3 Nf6 12.Nf3 O-O-O 13.Ne5 Be8 14.Qa3 Kb7 
15.Qe7+ Kc8 16.Qxa7 Nb8 17.Qxb6 Nfd7 18.Qd4 Qxg2 19.Bf3 Qg5 20.Nxc6 Nxc6 
21.Bxc6 Nb8 22.Bd5 exd5 23.Qc5+ Bc6 24.f3 Rhe8+ 25.Kf2 Qh4+ 26.Kf1 Qh3+ 
0-1

[Event "30. Augsburger Friedensfest-Open"]
[Site "Augsburg"]
[Date "2025.08.09"]
[Round "5.48"]
[White "Laag, Pascal Benedikt"]
[Black "Hoeller, Armin"]
[Result "0-1"]
[WhiteElo "1760"]
[BlackElo "1976"]
[EventDate "2025.08.07"]
[Time "09:30:00"]
[WhiteNrv "1760"]
[BlackNrv "1976"]
[WhiteTwz "1760"]
[BlackTwz "1976"]
[WhiteFideId "16256069"]
[BlackFideId "24651923"]
[WhiteNatFedId "10591865"]
[BlackNatFedId "10085787"]
[WhiteAttr "*"]
[BlackAttr "M"]
[WhiteTeam "SK Zweibruecken"]
[BlackTeam "SK Weilheim e.V."]

1.d4 f5 2.e4 fxe4 3.Nc3 Nf6 4.Bg5 Nc6 5.d5 Ne5 6.Qe2 Nf7 7.Bxf6 exf6 8.
Nxe4 Bb4+ 9.c3 Be7 10.d6 cxd6 11.O-O-O O-O 12.Qh5 g6 13.Qd5 f5 14.Ng3 Rb8 
15.Nf3 b5 16.h4 Bb7 17.Qd4 Bf6 18.Qd2 b4 19.cxb4 a5 20.b5 a4 21.Bd3 a3 22.
Kb1 axb2 23.a4 Ra8 24.Bc2 Qc7 25.Nd4 Qc5 26.Kxb2 Bxg2 27.Rhe1 Bf3 28.Ne2 
Rfe8 29.Kb1 Bxd4 30.Qxd4 Rxe2 31.Rxe2 Qxd4 32.Rxd4 Bxe2 33.b6 Bf3 34.Ka2 
Kf8 35.Kb3 Ke7 36.Rb4 Bb7 37.Kc3 Ne5 38.Rb2 d5 39.Ra2 Ra5 40.Kb4 Nc6+ 0-1

[Event "30. Augsburger Friedensfest-Open"]
[Site "Augsburg"]
[Date "2025.08.09"]
[Round "5.49"]
[White "Turba, Vincent"]
[Black "Haselbeck, Franz"]
[Result "0-1"]
[WhiteElo "1668"]
[BlackElo "1931"]
[EventDate "2025.08.07"]
[Time "09:30:00"]
[WhiteNrv "1668"]
[BlackNrv "1931"]
[WhiteTwz "1668"]
[BlackTwz "1931"]
[WhiteFideId "34612998"]
[BlackFideId "1270356"]
[WhiteNatFedId "10740126"]
[BlackNatFedId "10075444"]
[WhiteAttr "M"]
[BlackAttr "M"]
[WhiteTeam "SK 1926 Noerdlingen-Ries"]
[BlackTeam "SV Deggendorf"]

1.e4 c6 2.d3 d5 3.Bf4 dxe4 4.Nc3 exd3 5.Bxd3 Nf6 6.Nf3 Bg4 7.h3 Bh5 8.Qe2 
e6 9.g4 Bg6 10.O-O-O Nbd7 11.Bh2 Bb4 12.Ne4 Qa5 13.Kb1 Nxe4 14.Bxe4 Bxe4 
15.Qxe4 Nf6 16.Qe5 Qxe5 17.Bxe5 Be7 18.Rhe1 Rg8 19.g5 Nd7 20.h4 O-O-O 21.
Kc1 Bc5 22.Bg3 Bb6 23.h5 Bc7 24.g6 Bxg3 25.fxg3 fxg6 26.hxg6 h6 27.Rxe6 
Nf6 28.Re7 Rxd1+ 29.Kxd1 Rd8+ 30.Ke2 Re8 31.Rxe8+ Nxe8 32.Nd4 Kd7 33.Kf3 
Ke7 34.Kg4 Kf6 35.Kh5 Nc7 36.Ne2 Nd5 37.c4 Nb4 38.Nc3 Ke5 39.a3 Nd3 40.b3 
Nc1 0-1

[Event "30. Augsburger Friedensfest-Open"]
[Site "Augsburg"]
[Date "2025.08.09"]
[Round "6.1"]
[White "Bilchinski, Anton"]
[Black "Arun Kataria"]
[Result "1/2-1/2"]
[WhiteElo "2162"]
[BlackElo "2308"]
[EventDate "2025.08.07"]
[Time "15:30:00"]
[WhiteNrv "2162"]
[BlackNrv "2308"]
[WhiteTwz "2162"]
[BlackTwz "2308"]
[WhiteTitle "FM"]
[BlackTitle "FM"]
[WhiteFideId "24615765"]
[BlackFideId "46630368"]
[WhiteNatFedId "10254221"]
[WhiteAttr "M"]
[BlackAttr "M"]
[WhiteTeam "SC Eppingen"]
[BlackTeam "?"]

1.d4 Nf6 2.c4 Nc6 3.Nf3 e6 4.g3 d5 5.a3 Be7 6.Bg2 O-O 7.Nbd2 Ne4 8.Qc2 
Nxd2 9.Bxd2 Bf6 10.e3 Re8 11.O-O Ne7 12.Rfc1 c6 13.b4 Ng6 14.Rab1 dxc4 15.
Qxc4 e5 16.dxe5 Nxe5 17.Nxe5 Bxe5 18.Bc3 Bf5 19.e4 Be6 20.Qc5 Bxc3 21.Qxc3
Qb6 22.a4 Rad8 23.a5 Qd4 24.a6 Qxc3 25.Rxc3 Rb8 26.axb7 Rxb7 27.Rxc6 Reb8 
28.Ra6 Rxb4 29.Rxb4 Rxb4 30.Rxa7 Rb1+ 31.Bf1 f5 32.Kg2 fxe4 33.Re7 Bh3+ 
34.Kxh3 Rxf1 1/2-1/2

[Event "30. Augsburger Friedensfest-Open"]
[Site "Augsburg"]
[Date "2025.08.09"]
[Round "6.2"]
[White "Blodig, Vincent"]
[Black "Lang, Thomas"]
[Result "0-1"]
[WhiteElo "2054"]
[BlackElo "2003"]
[EventDate "2025.08.07"]
[Time "15:30:00"]
[WhiteNrv "2054"]
[BlackNrv "2003"]
[WhiteTwz "2054"]
[BlackTwz "2003"]
[WhiteFideId "16297857"]
[BlackFideId "12982520"]
[WhiteNatFedId "10680650"]
[BlackNatFedId "10286870"]
[WhiteAttr "M"]
[BlackAttr "M"]
[WhiteTeam "SF Augsburg"]
[BlackTeam "SG Schwaebisch Gmuend 1872 e.V"]

1.e4 c5 2.Nf3 Nf6 3.e5 Nd5 4.Nc3 Nc7 5.Be2 Nc6 6.O-O g6 7.Ne4 b6 8.c3 Bb7 
9.Re1 Bg7 10.Bf1 O-O 11.d4 cxd4 12.cxd4 Nd5 13.a3 Rc8 14.Qb3 Na5 15.Qa2 
Nc7 16.Nfd2 Bd5 17.b3 Ne6 18.Bb2 Bh6 19.Rad1 Rc7 20.g3 Qa8 21.f4 f5 22.Nc3
Rfc8 23.Nxd5 Qxd5 24.Bg2 Qb5 25.b4 Rc2 26.Bf1 Qa4 27.bxa5 Qxa5 28.Bc4 Rxd2
29.Bxe6+ Kf8 30.Rc1 Rxc1 31.Rxc1 dxe6 32.Qxe6 Rc2 33.Rxc2 Qe1+ 34.Kg2 Qe4+
35.Kh3 Qxc2 36.d5 Qc4 37.Qc6 Qf1+ 38.Kh4 Qe2 39.Kh3 Qf1+ 40.Kh4 Qe2 41.Kh3
Qf1+ 42.Kh4 Qg2 43.Qc8+ Kg7 44.e6+ Qxb2 45.Kh3 g5 46.fxg5 Bxg5 47.Qa6 Qd4 
48.Qb5 Qg4+ 49.Kg2 Qe4+ 50.Kh3 Qg4+ 51.Kg2 Qe4+ 52.Kh3 f4 53.Kg4 f3+ 54.
Kxg5 h6+ 55.Kh5 Qf5+ 56.Kh4 Qg5+ 57.Kh3 Qh5# 0-1

[Event "30. Augsburger Friedensfest-Open"]
[Site "Augsburg"]
[Date "2025.08.09"]
[Round "6.3"]
[White "Poetsch, Hagen"]
[Black "Rinderle, Matthias Dr."]
[Result "1-0"]
[WhiteElo "2479"]
[BlackElo "1968"]
[EventDate "2025.08.07"]
[Time "15:30:00"]
[WhiteNrv "2479"]
[BlackNrv "1968"]
[WhiteTwz "2479"]
[BlackTwz "1968"]
[WhiteTitle "GM"]
[WhiteFideId "24615137"]
[BlackFideId "533033340"]
[WhiteNatFedId "10165992"]
[BlackNatFedId "10177473"]
[WhiteAttr "M"]
[BlackAttr "M"]
[WhiteTeam "SC Heusenstamm"]
[BlackTeam "SK Rochade Augsburg"]

1.e4 d6 2.d4 Nf6 3.Nc3 e5 4.Nf3 Nbd7 5.g4 Nxg4 6.Rg1 Ngf6 7.Be3 c6 8.Qd2 
b5 9.O-O-O Qa5 10.dxe5 dxe5 11.Kb1 b4 12.Na4 g6 13.Bh3 Qc7 14.Qd3 Bg7 15.
Nh4 Nh5 16.Rg5 Nf4 17.Bxf4 exf4 18.Nf5 Be5 19.Nd6+ Bxd6 20.Qxd6 Qxd6 21.
Rxd6 Nf8 22.Re5+ Ne6 23.Nc5 Ke7 24.Rxc6 Rd8 25.Kc1 Rd6 26.Rxd6 Kxd6 27.
Rd5+ Ke7 28.Bxe6 Bxe6 29.Nxe6 Kxe6 30.Ra5 f5 31.exf5+ gxf5 32.b3 Kf6 33.h4
Kg6 34.Kd2 Rd8+ 35.Ke2 Rd7 36.Kf3 Rc7 37.Kxf4 Rxc2 38.f3 Rh2 39.Kg3 Rh1 
40.Ra6+ Kh5 41.Rxa7 h6 42.Ra4 Rxh4 43.a3 Rd4 44.Rxb4 Rd3 45.Kf4 Rd1 46.a4 
Rh1 47.Rb6 Rh4+ 48.Kxf5 Rb4 49.a5 1-0

[Event "30. Augsburger Friedensfest-Open"]
[Site "Augsburg"]
[Date "2025.08.09"]
[Round "6.4"]
[White "Lupor, Andre"]
[Black "Kamenskyi, Dmytro"]
[Result "1/2-1/2"]
[WhiteElo "2276"]
[BlackElo "2049"]
[EventDate "2025.08.07"]
[Time "15:30:00"]
[WhiteNrv "2276"]
[BlackNrv "2049"]
[WhiteTwz "2276"]
[BlackTwz "2049"]
[WhiteTitle "FM"]
[WhiteFideId "4680103"]
[BlackFideId "34123466"]
[BlackNatFedId "10745791"]
[WhiteAttr "M"]
[BlackAttr "M"]
[WhiteTeam "?"]
[BlackTeam "SK Kriegshaber"]

1.d4 e6 2.c4 Nf6 3.Nc3 Bb4 4.Qc2 O-O 5.a3 Bxc3+ 6.Qxc3 b6 7.Bg5 Bb7 8.e3 
d6 9.Ne2 Nbd7 10.Qc2 Qe7 11.Nc3 h6 12.Bh4 c5 13.Rd1 Rfd8 14.f3 d5 15.cxd5 
exd5 16.Bf2 c4 17.g4 Nf8 18.Bg2 Bc6 19.O-O b5 20.h3 a5 21.Ne2 b4 22.axb4 
axb4 23.Ra1 Qb7 24.Ng3 Rxa1 25.Rxa1 Ra8 26.Qb1 Ne6 1/2-1/2

[Event "30. Augsburger Friedensfest-Open"]
[Site "Augsburg"]
[Date "2025.08.09"]
[Round "6.5"]
[White "Baeuml, Ulrich"]
[Black "Duong, Quang Bach"]
[Result "1/2-1/2"]
[WhiteElo "2055"]
[BlackElo "2234"]
[EventDate "2025.08.07"]
[Time "15:30:00"]
[WhiteNrv "2055"]
[BlackNrv "2234"]
[WhiteTwz "2055"]
[BlackTwz "2234"]
[WhiteFideId "4635051"]
[BlackFideId "16287045"]
[WhiteNatFedId "10006494"]
[BlackNatFedId "10626174"]
[WhiteAttr "M"]
[BlackAttr "M"]
[WhiteTeam "SC Dillingen"]
[BlackTeam "SF Augsburg"]

1.c4 c5 2.g3 Nf6 3.Bg2 d5 4.cxd5 Nxd5 5.Nc3 Nc7 6.Nf3 Nc6 7.O-O e5 8.a3 
Rb8 9.d3 Be7 10.Be3 Be6 11.Rc1 a5 12.Na4 b6 13.b4 axb4 14.axb4 Nxb4 15.
Nxe5 O-O 16.Nc6 Nxc6 17.Bxc6 Nd5 18.Bd2 Qd6 19.Bxd5 Qxd5 20.Nc3 Qc6 21.f3 
Rfd8 22.Bf4 Ra8 23.Qc2 f5 24.Rb1 Bf6 25.Bd2 c4 26.Nb5 Qc5+ 27.Kh1 cxd3 28.
Qxc5 bxc5 29.exd3 Ba2 30.Rbc1 Rxd3 31.Bc3 Bg5 32.Ra1 Bd5 33.Rxa8+ Bxa8 34.
Kg2 Bc6 35.Na7 Bd7 36.Be5 Be3 37.Rb1 Rd2+ 38.Kf1 Bd4 39.Rb8+ Kf7 40.Bxd4 
Rxd4 41.Nc8 Bc6 42.Rb3 Ke6 43.Ke2 Rb4 44.Re3+ Kf6 45.Rc3 c4 46.Ke3 Ke6 47.
Kd4 Kd7 48.Na7 Bb7 49.Rxc4 Rxc4+ 50.Kxc4 Bxf3 51.Kc5 Ke6 52.Kd4 Kf6 53.Ke3
Bb7 54.Nb5 Kg5 55.Nd6 Bc6 56.Nc4 Bd5 57.Ne5 Bb7 58.h4+ Kf6 59.Kf4 Bc8 60.
Nd3 g6 61.Nb4 Be6 62.Nc2 h6 63.Ne3 Bb3 64.Nf1 Bd5 65.Nd2 g5+ 66.hxg5+ 
hxg5+ 67.Ke3 Kg6 68.Kf2 Kh5 69.Nf1 Be4 70.Ne3 Bd3 71.Nd5 Be4 72.Nf6+ Kg6 
73.Nd7 Kf7 74.Ne5+ Kf6 75.Nc4 Ke6 76.Ke3 Kd5 77.Nb6+ Ke6 78.g4 Bc2 79.
gxf5+ Kxf5 80.Kf3 Bb3 81.Nd7 Bd5+ 82.Kg3 Be4 83.Nb6 1/2-1/2

[Event "30. Augsburger Friedensfest-Open"]
[Site "Augsburg"]
[Date "2025.08.09"]
[Round "6.6"]
[White "Boehme, Markus"]
[Black "Fuertler, Oliver"]
[Result "1-0"]
[WhiteElo "2212"]
[BlackElo "1959"]
[EventDate "2025.08.07"]
[Time "15:30:00"]
[WhiteNrv "2212"]
[BlackNrv "1959"]
[WhiteTwz "2212"]
[BlackTwz "1959"]
[WhiteFideId "12946850"]
[BlackFideId "1682490"]
[WhiteNatFedId "10259261"]
[WhiteAttr "M"]
[BlackAttr "M"]
[WhiteTeam "SC Uttenreuth e.V."]
[BlackTeam "?"]

1.Nf3 Nf6 2.g3 g6 3.Bg2 Bg7 4.O-O O-O 5.d4 d6 6.Re1 Nc6 7.d5 Na5 8.e4 Nd7 
9.c3 c5 10.a4 a6 11.Bf1 Rb8 12.Na3 Qc7 13.Bg5 Re8 14.b4 Bxc3 15.bxa5 Bxa1 
16.Qxa1 Qxa5 17.Nc4 Qc7 18.e5 dxe5 19.Ncxe5 f6 20.Ng4 Qd6 21.Bxf6 Nxf6 22.
Nxf6+ Kf8 23.Nxh7+ Kg8 24.Nf6+ Kf8 25.Ne4 Qxd5 26.Qh8+ Qg8 27.Qxg8+ Kxg8 
28.Nf6+ Kf7 29.Nxe8 Kxe8 30.Ne5 Bf5 31.g4 Bc2 32.a5 Bb3 33.Nxg6 c4 34.Nxe7
Kd7 35.Nf5 Kc6 36.Nd4+ Kc5 37.Nxb3+ cxb3 38.g5 b6 39.axb6 Rxb6 40.h4 Kd4 
41.h5 b2 42.h6 b1=Q 43.Rxb1 Rxb1 44.h7 1-0

[Event "30. Augsburger Friedensfest-Open"]
[Site "Augsburg"]
[Date "2025.08.09"]
[Round "6.7"]
[White "Hoepfl, Thomas Dr."]
[Black "Yaroshenko, Yaroslav"]
[Result "1-0"]
[WhiteElo "2194"]
[BlackElo "1918"]
[EventDate "2025.08.07"]
[Time "15:30:00"]
[WhiteNrv "2194"]
[BlackNrv "1918"]
[WhiteTwz "2194"]
[BlackTwz "1918"]
[WhiteTitle "FM"]
[WhiteFideId "4615182"]
[BlackFideId "16204905"]
[WhiteNatFedId "10086024"]
[BlackNatFedId "10277356"]
[WhiteAttr "M"]
[BlackAttr "M"]
[WhiteTeam "SV Saalespringer Halle"]
[BlackTeam "SK Graefelfing"]

1.e4 g6 2.d4 Bg7 3.Nc3 d6 4.f4 a6 5.Nf3 b5 6.Bd3 Bb7 7.a4 b4 8.Ne2 Nd7 9.
O-O c5 10.c3 cxd4 11.cxd4 Ngf6 12.e5 Nd5 13.Ng5 h6 14.Ne4 dxe5 15.fxe5 Qb6
16.a5 Qe6 17.Qe1 O-O 18.Qh4 f5 19.exf6 N5xf6 20.Nxf6+ Nxf6 21.Bxh6 Bxh6 
22.Qxh6 Rf7 23.Nf4 Qe3+ 24.Kh1 Ne4 25.Qxg6+ Rg7 26.Bc4+ Kh8 27.Qh6+ Rh7 
28.Ng6# 1-0

[Event "30. Augsburger Friedensfest-Open"]
[Site "Augsburg"]
[Date "2025.08.09"]
[Round "6.8"]
[White "Filin, Denys"]
[Black "Romfeld, Michael"]
[Result "1/2-1/2"]
[WhiteElo "1960"]
[BlackElo "2162"]
[EventDate "2025.08.07"]
[Time "15:30:00"]
[WhiteNrv "1960"]
[BlackNrv "2162"]
[WhiteTwz "1960"]
[BlackTwz "2162"]
[WhiteFideId "14173476"]
[BlackFideId "16211537"]
[WhiteNatFedId "10658679"]
[BlackNatFedId "10180068"]
[WhiteAttr "M"]
[BlackAttr "M"]
[WhiteTeam "SK Kriegshaber"]
[BlackTeam "SAbt TSV Haunstetten"]

1.Nf3 c6 2.d4 d5 3.c4 Nf6 4.e3 dxc4 5.Bxc4 e6 6.O-O b5 7.Bd3 Bb7 8.Nc3 
Nbd7 9.e4 b4 10.Na4 Be7 11.Bg5 1/2-1/2

[Event "30. Augsburger Friedensfest-Open"]
[Site "Augsburg"]
[Date "2025.08.09"]
[Round "6.10"]
[White "Bossinger, Patrick"]
[Black "Eichschmied, Patrick"]
[Result "1/2-1/2"]
[WhiteElo "2085"]
[BlackElo "1951"]
[EventDate "2025.08.07"]
[Time "15:30:00"]
[WhiteNrv "2085"]
[BlackNrv "1951"]
[WhiteTwz "2085"]
[BlackTwz "1951"]
[WhiteFideId "16219759"]
[BlackFideId "24683663"]
[WhiteNatFedId "10266033"]
[BlackNatFedId "10043123"]
[WhiteAttr "M"]
[BlackAttr "M"]
[WhiteTeam "SV Jedesheim 1921"]
[BlackTeam "MTV Ingolstadt"]

1.e4 e5 2.Nf3 Nc6 3.Bc4 Nf6 4.d3 Bc5 5.Nc3 a6 6.a4 d6 7.Be3 Bxe3 8.fxe3 
O-O 9.Qe2 Be6 10.Nd2 Bxc4 11.Nxc4 d5 1/2-1/2

[Event "30. Augsburger Friedensfest-Open"]
[Site "Augsburg"]
[Date "2025.08.09"]
[Round "6.11"]
[White "Garcia Ramos, Marcos"]
[Black "Hotman, Cagan Arhan"]
[Result "1-0"]
[WhiteElo "2180"]
[BlackElo "1961"]
[EventDate "2025.08.07"]
[Time "15:30:00"]
[WhiteNrv "2180"]
[BlackNrv "1961"]
[WhiteTwz "2180"]
[BlackTwz "1961"]
[WhiteFideId "2237601"]
[BlackFideId "44565798"]
[WhiteNatFedId "10282965"]
[BlackNatFedId "10804822"]
[WhiteAttr "M"]
[BlackAttr "M"]
[WhiteTeam "SC 1934 Gelnhausen"]
[BlackTeam "SK Ingolstadt"]

1.e4 e5 2.Nf3 Nc6 3.Bb5 a6 4.Bxc6 dxc6 5.O-O Bg4 6.h3 h5 7.d3 Qf6 8.Nbd2 
Ne7 9.Re1 Bxf3 10.Qxf3 Qxf3 11.Nxf3 f6 12.d4 exd4 13.Nxd4 Ng6 14.Ne6 Kf7 
15.Nxf8 Rhxf8 16.Be3 Rfe8 17.f3 Rad8 18.Kf2 b6 19.Rad1 c5 20.Rxd8 Rxd8 21.
f4 Ne7 22.f5 Nc6 23.Bf4 Ne5 24.Bxe5 fxe5 25.Ke2 Kf6 26.h4 Rd4 27.Ke3 Rd6 
28.Rg1 Rd8 29.g4 Rh8 30.g5+ Ke7 31.Rd1 c6 32.a4 Re8 33.b3 a5 34.Rd3 Rf8 
35.Kd2 Ra8 36.Kc3 Ra7 37.Rf3 Rd7 38.f6+ gxf6 39.Rxf6 Rd4 40.Rh6 Rxe4 41.
Rxh5 Rd4 42.g6 Kf6 43.Rg5 Kg7 44.h5 e4 45.Rg3 Rd8 46.Rg4 Re8 47.Kd2 Kh6 
48.Rh4 Rd8+ 49.Ke2 Rg8 50.Ke3 Rd8 51.Rh2 Re8 52.Rh1 Re7 53.Rg1 Kg7 54.Rg4 
Re5 55.h6+ Kg8 56.Rxe4 1-0

[Event "30. Augsburger Friedensfest-Open"]
[Site "Augsburg"]
[Date "2025.08.09"]
[Round "6.12"]
[White "Kelembet, Maksym"]
[Black "Reis, Thomas"]
[Result "1/2-1/2"]
[WhiteElo "1952"]
[BlackElo "2178"]
[EventDate "2025.08.07"]
[Time "15:30:00"]
[WhiteNrv "1952"]
[BlackNrv "2178"]
[WhiteTwz "1952"]
[BlackTwz "2178"]
[WhiteFideId "34684735"]
[BlackFideId "4678699"]
[WhiteNatFedId "10828571"]
[BlackNatFedId "10174084"]
[WhiteAttr "M"]
[BlackAttr "M"]
[WhiteTeam "SV Jedesheim 1921"]
[BlackTeam "SK Kriegshaber"]

1.d4 d5 2.Nf3 Nf6 3.c4 e6 4.g3 Be7 5.Bg2 O-O 6.O-O c6 7.Nbd2 b6 8.Qc2 Bb7 
9.e4 Na6 10.a3 c5 11.exd5 exd5 12.dxc5 Nxc5 13.b4 Ne6 14.cxd5 Qxd5 15.Qb3 
Qh5 16.Bb2 Bd5 17.Qd1 Rac8 18.Rc1 Rxc1 19.Qxc1 Bb7 20.Qd1 Rc8 21.Nd4 Bxg2 
22.Qxh5 Nxh5 23.Kxg2 Nxd4 24.Bxd4 Rc2 25.Nb3 f5 26.Rc1 Rxc1 27.Nxc1 Kf7 
28.Ne2 Ke6 1/2-1/2

[Event "30. Augsburger Friedensfest-Open"]
[Site "Augsburg"]
[Date "2025.08.09"]
[Round "6.13"]
[White "Iberl, Michael"]
[Black "Birth, Daniel"]
[Result "1/2-1/2"]
[WhiteElo "1922"]
[BlackElo "2083"]
[EventDate "2025.08.07"]
[Time "15:30:00"]
[WhiteNrv "1922"]
[BlackNrv "2083"]
[WhiteTwz "1922"]
[BlackTwz "2083"]
[WhiteFideId "4644085"]
[BlackFideId "4671651"]
[WhiteNatFedId "10091886"]
[BlackNatFedId "10016923"]
[WhiteAttr "M"]
[BlackAttr "M"]
[WhiteTeam "SF Dachau 1932 e.V."]
[BlackTeam "SK Rochade Augsburg"]

1.d4 g6 2.Nf3 Bg7 3.g3 d5 4.Bg2 Nf6 5.O-O O-O 6.Be3 c6 7.Qc1 Nbd7 8.Bh6 
Qc7 9.Bxg7 Kxg7 10.c4 dxc4 11.Qxc4 e5 12.Nc3 e4 13.Ng5 Nb6 14.Qc5 e3 15.
fxe3 h6 16.Rxf6 hxg5 17.Qxg5 Be6 18.Raf1 Nd7 19.R6f2 Rh8 20.Qf4 Qa5 21.h4 
Rh5 22.e4 Qb6 23.Bf3 Qxb2 24.Nd1 Qxd4 25.Bxh5 gxh5 26.Qg5+ Kf8 27.Qxh5 Ke7
28.Qg5+ f6 29.Qf4 Rg8 1/2-1/2